000 01000cab a2200313 4500
001 ABS59494
008 090401t1998 xxu||||| |||| 00| 0 eng d
035 _a(Sirsi) u89348
041 _aeng
100 _aParsons, Andrew E.
245 _aCommercial leases: a practical approach to breaches of covenant
260 _c1998
350 _a0
490 _aSolicitors` Journal
_v142(40) 23 October 1998, 956-958(3)
520 _aReviews what action a landlord may take when a breach of covenant is suspected in a commercial lease, including seeking possession.
650 _aBREACH OF COVENANT
650 _aBUSINESS TENANCIES
650 _aCOMMERCIAL LEASES
650 _aFORFEITURE
650 _aLANDLORD AND TENANT ACT 1954 S25
650 _aPOSSESSION ORDERS
650 _aPOSSESSION PROCEEDINGS
650 _aRENT ARREARS
650 _aSECTION 146 NOTICE
690 _aLANDLORD AND TENANT-BUSINESS TENANCIES
700 _aAndrews, D.
942 _n0
948 _c28/10/1998
999 _c56519
_d56519